Winter Olympic Hosts - Statistics

General Stats
  • This quiz has been taken 97 times
    38 since last reset
  • The average score is 17 of 25
Answer Stats
Hint Answer % Correct
China 2022 Beijing
92%
Norway 1952 Oslo
88%
United States 2002 Salt Lake City
84%
Canada 1988 Calgary
80%
Russia 2014 Sochi
80%
Canada 2010 Vancouver
80%
Yugoslavia 1984 Sarajevo
76%
Italy 2006 Turin
76%
United States 1932 Lake Placid
72%
United States 1980 Lake Placid
72%
Japan 1972 Sapporo
72%
Norway 1994 Lillehammer
68%
Italy 2026 Milan
68%
South Korea 2018 Pyeongchang
64%
France 1992 Albertville
60%
Germany 1936 Garmisch-Partenkirchen
60%
France 1968 Grenoble
60%
Austria 1964 Innsbruck
60%
Austria 1976 Innsbruck
60%
Japan 1998 Nagano
60%
France 1924 Chamonix
56%
Switzerland 1928 St. Moritz
56%
Switzerland 1948 St. Moritz
56%
Italy 1956 Cortina d'Ampezzo
52%
United States 1960 Squaw Valley
52%
No matching quizzes found
Score Distribution
Percent of People with Each Score
Percentile by Number Answered
Your Score History
You have not taken this quiz since the last reset